Clash Royale: Troops With the Most Damage Per Second - Statistics

General Stats
  • This quiz has been taken 2,438 times
  • The average score is 4 of 15
Answer Stats
Hint Answer % Correct
875 DPS (max) Inferno Dragon
91%
376 DPS P.E.K.K.A.
82%
317 DPS Mini P.E.K.K.A.
72%
285 DPS Lumberjack
44%
266 DPS Balloon
18%
260 DPS Sparky
15%
216 DPS Prince
13%
176 DPS Hog Rider
6%
142 DPS Wizard
5%
177 DPS Elite Barbarians
4%
160 DPS Musketeer/Three Musketeers
4%
144 DPS Knight
3%
192 DPS Mega Minion
3%
141 DPS Bomber
2%
160 DPS Musketeer/Three Musketeers
2%
No matching quizzes found
Score Distribution
Percent of People with Each Score
Percentile by Number Answered
Your Score History
You have not taken this quiz